| 000 | 00000nas 2200000zi 4500 |
| 001 | 9.878682 |
| 003 | CaOODSP |
| 005 | 20221107165316 |
| 006 | m go d f |
| 007 | cr ||||||||||| |
| 008 | 190829d20082008qucar p o f0 a0eng|d |
| 040 | |aCaOODSP|beng|erda|cCaOODSP |
| 043 | |an-cn--- |
| 086 | 1 |aSE2-10/1E-PDF |
| 110 | 1 |aCanada.|bOffice of the Chief Electoral Officer. |
| 245 | 10|aAccess to Information Act : |cannual report. |
| 264 | 1|a[Gatineau, Québec] : |bOffice of the Chief Electoral Officer, |c[2008] |
| 310 | |aAnnual |
| 336 | |atext|btxt|2rdacontent |
| 337 | |acomputer|bc|2rdamedia |
| 338 | |aonline resource|bcr|2rdacarrier |
| 362 | 0 |a2007/2008. |
| 500 | |aIssued also in French under title: Loi sur l'accès à l'information, rapport annuel. |
| 692 | 07|2gccst|aAccess to information |
| 775 | 08|tLoi sur l'accès à l'information : |w(CaOODSP)9.878689 |
| 785 | 00|tAnnual report on the Access to Information Act / |w(CaOODSP)9.507102 |